The world of Jesus : (Record no. 5583)
[ view plain ]
| 000 -LEADER | |
|---|---|
| fixed length control field | 00666nam a2200193 4500 |
| 008 - FIXED-LENGTH DATA ELEMENTS--GENERAL INFORMATION | |
| fixed length control field | 020115s1990 cae engta |
| 020 ## - INTERNATIONAL STANDARD BOOK NUMBER | |
| International Standard Book Number | 0521386764 |
| 090 ## - LOCALLY ASSIGNED LC-TYPE CALL NUMBER (OCLC); LOCAL CALL NUMBER (OCLC) | |
| Classification number (OCLC) (R) ; Classification number, CALL (RLIN) (NR) | BT303.2 |
| Local cutter number (OCLC) ; Book number/undivided call number, CALL (RLIN) | R39w |
| 100 1# - MAIN ENTRY--PERSONAL NAME | |
| Personal name | Riches, John |
| 245 10 - TITLE STATEMENT | |
| Title | The world of Jesus : |
| Remainder of title | first century-Judaism in crisis / |
| Statement of responsibility, etc | John Riches. |
| 260 ## - PUBLICATION, DISTRIBUTION, ETC. (IMPRINT) | |
| Place of publication, distribution, etc | Cambridge : |
| Name of publisher, distributor, etc | Cambridge University Press, |
| Date of publication, distribution, etc | c1990, |
| -- | 1993. |
| 300 ## - PHYSICAL DESCRIPTION | |
| Extent | 151 p. |
| 490 1# - SERIES STATEMENT | |
| Series statement | Understanding Jesus today |
| 650 #4 - SUBJECT ADDED ENTRY--TOPICAL TERM | |
| Topical term or geographic name as entry element | Jesus Christ |
| General subdivision | Historicity. |
| 650 #4 - SUBJECT ADDED ENTRY--TOPICAL TERM | |
| Topical term or geographic name as entry element | Jews in the New Testament. |
| 650 #4 - SUBJECT ADDED ENTRY--TOPICAL TERM | |
| Topical term or geographic name as entry element | Judaism |
| General subdivision | Christian theology. |
| 650 #4 - SUBJECT ADDED ENTRY--TOPICAL TERM | |
| Topical term or geographic name as entry element | Judaism |
| General subdivision | Relations |
| -- | Christianity. |
| 951 ## - EQUIVALENCE OR CROSS-REFERENCE-GEOGRAPHIC NAME/AREA NAME [OBSOLETE] [CAN/MARC only] | |
| -- | 16172 |
| -- | BT303.2/R39w |
| -- | 070613111037515 |
| -- | 2000-12-21 |
| -- | REF |
| Withdrawn status | Lost status | Damaged status | Not for loan | Home library | Current library | Shelving location | Date acquired | Accession number | Shelving control number | Total Checkouts | Full call number | Date last seen | Price effective from | Koha item type |
|---|---|---|---|---|---|---|---|---|---|---|---|---|---|---|
| BSOP Library | BSOP Library | Reference | 12/21/2000 | 16172 | 127 | BT303.2/R39w | 02/23/2013 | 02/23/2013 | Books |
